Население Западной Сибири до начала русской колонизации. (Виды хозяйственной деятельности и общественный строй местного населения): Спец. курс по истории народов Сибири для студентов-заочников исторического факультета ун-та

Dades bibliogràfiques
Autor principal: Бояршинова З. Я. Зоя Яковлевна
Autor corporatiu: Томский государственный университет
Altres autors: Разгон И. М. (редактор)
Idioma:rus
Publicat: Томск, Изд-во ТГУ, 1960
Matèries:
Format: MixedMaterials Llibre
KOHA link:https://koha.lib.tpu.ru/cgi-bin/koha/opac-detail.pl?biblionumber=15671

MARC

LEADER 00000nam0a2200000 4500
001 15671
005 20250225063224.0
035 |a (RuTPU)RU\TPU\book\15783 
035 |a BOOK00000471 
090 |a 15671 
100 |a 20011209d1960 m y0rusy50 ca 
101 0 |a rus 
102 |a RU 
105 |a y j 001zy 
200 1 |a Население Западной Сибири до начала русской колонизации. (Виды хозяйственной деятельности и общественный строй местного населения)  |e Спец. курс по истории народов Сибири для студентов-заочников исторического факультета ун-та  |f З. Я. Бояршинова  |g Томский государственный университет ; под ред. И. М. Разгона 
210 |a Томск  |c Изд-во ТГУ  |d 1960 
215 |a 151 с. 
320 |a Библиогр.: с. 149-150 
610 1 |a история 
610 1 |a этнография 
610 1 |a Сибирь 
610 1 |a население 
610 1 |a Западная Сибирь 
610 1 |a Древнейшие насельники 
610 1 |a Самодийские племена 
610 1 |a Угорские племена 
610 1 |a Селькупы 
610 1 |a Западно-сибирские татары 
610 1 |a учебные курсы 
686 |a Т3(253.3)-2  |v LBC/SL-A  |2 rubbk 
700 1 |a Бояршинова  |b З. Я.  |g Зоя Яковлевна 
702 1 |a Разгон  |b И. М.  |4 340 
712 0 2 |a Томский государственный университет  |c 1917-2009  |7 ca  |8 rus  |2 stltpush  |3 (RuTPU)RU\TPU\col\397  |9 23396 
801 0 |a RU  |b 63413507  |c 20011209  |g PSBO 
801 2 |a RU  |b 63413507  |c 20120525  |g PSBO 
942 |c BK